000
00329nam a22001337a 4500
008
210309b ||||| |||| 00| 0 eng d
041
_a
eng
080
_a
51
082
_a
51
100
_a
36
101
_a
MAT
245
_a
Lectures on Cauchy's problem in lindear partial differential equations
_c
Hadamard, J
942
_2
udc
_c
BK
999
_c
56056
_d
56056